| 000 | 00338nam a22001331a 4500 | ||
|---|---|---|---|
| 082 |
_aS 294.5 _bBHA/P |
||
| 100 | _aBhavadev Mishra | ||
| 245 |
_aPrajnasathyavathi/ _cby Bhavadev Mishra |
||
| 260 |
_aJaipur: _bRajasthan Vaidik Thanthrik Sodh Samsthan, _c2004. |
||
| 300 | _a105p. | ||
| 650 | _aHinduism | ||
| 650 | _aReligion | ||
| 942 | _cBK | ||
| 999 |
_c35471 _d35471 |
||